000 004810000a22002050004500
005 20120302053942.0
942 _cBOOK
100 _a Wollheim,Richard
245 _a Freud
260 _aLondon:Collins Sons and Co., 14 St.James's Place,1971
300 _a240p
490 _aFontana Modern Masters
040 _aENG
365 _bRs.
650 _aLiterature
650 _aEnglish Literature
650 _aFreud
650 _aThory Mind
650 _aDreams-Errors-Jokes
999 _c344279
_d344276